Cliff Clavin on Jeopardy! Quiz Stats

 Plays Quiz not verified by Sporcle

Score 0/7 Timer 02:00
0 Plays Today
Round Category Name % Correct
Jeopardy!Beer
76.6%
Jeopardy!Bar Trivia
45%
Jeopardy!Celibacy
42.6%
Jeopardy!Mothers and Sons
38.6%
Jeopardy!Stamps from Around the World
34.1%
Jeopardy!Civil Servants
31.3%
Final Jeopardy!Movies
20.8%

You're not logged in!

Compare scores with friends on all Sporcle quizzes.
OR
Log In

Show Comments

Extras

Top Quizzes Today


Score Distribution

Your Account Isn't Verified!

In order to create a playlist on Sporcle, you need to verify the email address you used during registration. Go to your Sporcle Settings to finish the process.

Report this User

Report this user for behavior that violates our Community Guidelines.

Details: